000 00788nam a2200205Ii 4500
003 JO-AjNU
008 230605s9999||||xx |||||||||||||| ||und||
017 _a1982/2722
040 _aJO-AjNU
_bara
_erda
_cJO-AjNU
041 _aara
050 1 4 _aBF721.E72 1982
100 3 _aمزروع،طاهر/ترجمة ، كامل،عبد الوهاب/مراجعة,
_eauthor
_915765
245 0 0 _aالنمو النفسي للطفل وعلم النفس الذي يخصنا
264 3 1 _aالقاهرة-الاسكندرية:مكتبة النهضة المصرية،مكتبة منشأة المعارف،1982
300 _a120ص
336 _atext
_btxt
_2rdacontent
337 _aunmediated
_bn
_2rdamedia
338 _avolume
_bnc
_2rdacarrier
650 4 _aنمو الطفل-علم النفس
_915766
999 _aA4528
_c8096
_d8096